El tesoro de sagrado de los Andes escondido en el alto Guanujo: (Registro nro. 20059)

Detalles MARC
000 -CABECERA
Campo de control 00811nam a22002057a 4500
005 - FECHA Y HORA DE LA ULTIMA TRANSACCION
Campo de control 20180103114334.0
008 - ELEMENTOS DE LONGITUD FIJA—INFORMACION GENERAL
Campo de control 180103b 2008ec ||||| |||| 00| 0 spa d
040 ## - FUENTE DE CATALOGACIÓN
Agencia catalogadora original CO-BoIAVH
Agencia transcriptora CO-BoIAVH
041 ## - IDIOMA
Código de idioma para texto/pista de sonido o título separado Español
082 ## - NUMERO DE CLASIFICACION DECIMAL DEWEY
Número de clasificación 635.21
Número del ítem P13e
100 ## - ASIENTO PRINCIPAL--NOMBRE PERSONAL
Nombre personal Paguay, Fredy
Término relacionado autor
9 (RLIN) 88322
245 13 - MENCION DE TITULO
Título El tesoro de sagrado de los Andes escondido en el alto Guanujo:
Parte restante del título Urku Papa Tarpui Yachai
260 ## - PUBLICACION, DISTRIBUCION, ETC. (PIE DE IMPRENTA)
Lugar de publicación, distribución, etc. Guaranda (Ecuador):
Nombre del editor, distribuidor, etc. Corporación de Organizaciones Campesinas para el Desarrollo Integral Alto Guanujo (COCDIAG),
Fecha de publicación, distribución, etc. 2008.
300 ## - DESCRIPCION FISICA
Extensión 56 páginas
Otros detalles físicos fotografías a color
Dimensiones 20cm
650 14 - ASIENTO SECUNDARIO DE MATERIA - TERMINO TEMATICO
Término temático o nombre geográfico como elemento de entrada Papa
Subdivisión de forma Cultivo
9 (RLIN) 88323
650 14 - ASIENTO SECUNDARIO DE MATERIA - TERMINO TEMATICO
Término temático o nombre geográfico como elemento de entrada Papa nativa
Subdivisión de forma biodiversidad
9 (RLIN) 88324
650 14 - ASIENTO SECUNDARIO DE MATERIA - TERMINO TEMATICO
Término temático o nombre geográfico como elemento de entrada Manejo agronomico
Subdivisión de forma Control de plagas
9 (RLIN) 88325
650 14 - ASIENTO SECUNDARIO DE MATERIA - TERMINO TEMATICO
Término temático o nombre geográfico como elemento de entrada Seguridad alimentaria
Subdivisión de forma Sistema de siembra
9 (RLIN) 88326
942 ## - ELEMENTOS ADICIONALES (KOHA)
Sistema de clasificación Dewey Decimal Classification
Tipo de ítem Folleto
Existencias
Withdrawn status Lost status Sistema de Clasificación Damaged status No para préstamo Colección Ubicación Permanente Ubicación actual Fecha de adquisición Total Checkouts Número topográfico Inventario / Código de Barras Date last seen Ejemplar Price effective from Forma de adquisición Tipo de material
    Dewey Decimal Classification     General Bogotá Bogotá 03/01/2018   LB-635.21 P13e 043384 03/01/2018 Ej. 1 03/01/2018 Donación Folleto